|
|
|
|
| LEADER |
00000nam a22000007a 4500 |
| 005 |
20130809193245.0 |
| 007 |
cr|||| |||| |
| 008 |
130809s2008 mx |||||s|||| 00||0 spa d |
| 020 |
|
|
|a 978-970-722-811-5
|
| 035 |
|
|
|a 11466
|
| 040 |
|
|
|a vLex
|
| 090 |
|
|
|c 4481
|d 4481
|
| 245 |
0 |
0 |
|a Conocimiento e innovacin̤: retos de la gestin̤ empresarial
|h [Recurso electrn̤ico]
|
| 256 |
|
|
|a Servicio en ln̕ea
|
| 260 |
|
|
|a Mx̌ico D.F.:
|b Plaza Valdš Editores,
|c 2008
|
| 300 |
|
|
|a 1 recurso electrn̤ico
|
| 506 |
1 |
|
|a Contenido solo disponible en los productos indicados
|d vLex Global
|d vLex Global (Academic Edition, excluding Law Schools)
|d vLex Global (U.S. Academic Edition, Law Schools)
|d vLex Global (U.S. Academic Edition, excluding Law Schools)
|d vLex Global (Academic Edition, Law Schools)
|
| 650 |
0 |
4 |
|a Economa̕ y negocios
|z Mx̌ico
|
| 740 |
0 |
|
|a vlex Libros (Servicio en ln̕ea)
|
| 856 |
4 |
0 |
|u http://vlex.com/source/conocimiento-innovacion-retos-gestion-empresarial-11466
|z Acceso restringido
|
| 942 |
|
|
|c BOOK
|
| 999 |
0 |
|
|a Economics
|